Oceania Countries and Dependencies Based Off Size - Statistics

General Stats
  • This quiz has been taken 18 times
  • The average score is 14 of 30
Answer Stats
Placing (Nations only) Size (sq. km) Answer % Correct
1 7,741,220 Australia
100%
3 268,838 New Zealand
90%
2 462,840 Papua New Guinea
90%
4 28,896 Solomon Islands
80%
5 18,272 Fiji
70%
14 21 Nauru
70%
13 26 Tuvalu
70%
12 181 Marshall Islands
60%
10 702 Micronesia
60%
11 459 Palau
60%
7 2,842 Samoa
60%
8 747 Tonga
60%
6 12,189 Vanuatu
60%
9 726 Kiribati
50%
- 18,575 New Caledonia
50%
- 3,687 French Polynesia
40%
- 541 Guam
40%
- 457 Northern Mariana Islands
40%
- 16,638 Hawaii
30%
- 12 Tokelau
30%
- 199 American Samoa
20%
- 236 Cook Islands
20%
- 163 Easter Island
20%
- 260 Niue
20%
- 36 Norfolk Island
20%
- 142 Wallis and Futuna
20%
- 416,060 West Papua
20%
- 135 Christmas Island
10%
- 14 Cocos Islands | Keeling Islands
10%
- 47 Pitcarin Island | Henderson Island | Ducie Island | Oeno Island
10%
No matching quizzes found
Score Distribution
Percent of People with Each Score
Percentile by Number Answered
Your Score History
You have not taken this quiz